QUEST Central Library Banner

Automobile electrical and electronic equipment (Record no. 14666)

MARC details
000 -LEADER
fixed length control field 00257nam a22001097a 4500
082 ## - DEWEY DECIMAL CLASSIFICATION NUMBER
Classification number 629.254YOU
100 ## - MAIN ENTRY--AUTHOR NAME
Personal name Young
245 ## - TITLE STATEMENT
Title Automobile electrical and electronic equipment
260 ## - PUBLICATION, DISTRIBUTION, ETC. (IMPRINT)
Place of publication London
Name of publisher English Book Society
Year of publication 1986
300 ## - PHYSICAL DESCRIPTION
Number of Pages 458
942 ## - ADDED ENTRY ELEMENTS (KOHA)
Koha item type Books
Holdings
Withdrawn status Lost status Collection code Home library Current library Date acquired Cost, normal purchase price Full call number Accession Number Koha item type
    Reference Reference Section Reference Section 11/11/2015 175.50 629.254YOU (Shelf - 78E) 12732 Books
    Reference Reference Section Reference Section 11/11/2015 175.50 629.254YOU (Shelf - 78D) 12733 Books

Copyright © 2018,The QUEST, Nawabshah, Shaheed Benazirabad. All rights reserved
Mr. G. Farooq Channar (Librarian) QUEST, Nawabshah, Sindh, Pakistan 67480.
 Ph#: |   0244-9370381-4 Ext. 2308   Email| lib@quest.edu.pk   Web|  http://www.quest.edu.pk